000 00644cam a2200145 4500500
005 20260201161842.0
041 _afre
042 _adc
100 1 0 _aReichler, Claude
_eauthor
245 0 0 _aFrédéric Tinguely, L’Écriture du Levant à la Renaissance. Enquête sur les voyageurs français dans l’Empire de Soliman le Magnifique. Genève, Droz, 2000, 302 p., append., bibl., index, pl. (« Les seuils de la modernité »)
260 _c2002.
500 _a21
786 0 _nL'Homme | 163 | 3 | 2002-07-01 | p. 245e-310e | 0439-4216
856 4 1 _uhttps://shs.cairn.info/revue-l-homme-2002-3-page-245e?lang=fr&redirect-ssocas=7080
999 _c1643226
_d1643226